| 000 | 00396nam a2200157Ia 4500 | ||
|---|---|---|---|
| 008 | 230917s9999||||xx |||||||||||||| ||und|| | ||
| 020 | _cRS80 | ||
| 040 |
_e15459 _aMAIN |
||
| 041 | _aEnglish | ||
| 082 | _a301.4443 A27P | ||
| 100 | _aAlexander, K C | ||
| 245 | 0 | _aPeasant organizations in South India | |
| 260 |
_aNew Delhi _bIndian Social Institute _c1981 |
||
| 300 | _a227 p. | ||
| 942 | _cBK | ||
| 999 |
_c224225 _d224225 |
||